Guess The Dinosaur (Easy) - Statistics

General Stats
  • This quiz has been taken 196 times
  • The average score is 11 of 15
Answer Stats
Picture Answer % Correct
Tyrannosaurus
99%
Stegosaurus
92%
Triceratops
92%
Brachiosaurus
91%
Spinosaurus
91%
Velociraptor
89%
Ankylosaurus
79%
Allosaurus
76%
Dilophosaurus
68%
Parasaurolophus
66%
Diplodocus
62%
Ceratosaurus
57%
Gallimimus
55%
Apatosaurus
51%
Compsognathus
43%
No matching quizzes found
Score Distribution
Percent of People with Each Score
Percentile by Number Answered
Your Score History
You have not taken this quiz